Alimenti con lettera iniziale L - Statistics

Statistiche generali
  • Questo quiz è stato fatto 105 volte
  • Il punteggio medio è 11 su 12
Statistiche sulle risposte
con Immagini Risposta % Corretto
Lasagna
100%
Latte
100%
Lattuga
100%
Limone
100%
Lampone
99%
Liquirizia
95%
Linguine
94%
Lumaca
92%
Lardo
90%
Lenticchie
89%
Lupini
72%
Luppolo
33%
Nessun quiz corrispondente trovato
Distribuzione punteggi
Percentuale di utenti per punteggio
Percentile per numero di risposta
I tuoi punteggi nel tempo
Non hai fatto questo quiz